000 00712na a2200241 4500
001 12924
003 MIRAKIL
005 20181213154741.0
008 161010b tu 000 0
020 _a9786055935023
040 _aMilas
_btur
_cTR-AnCHP
041 _atur
082 _a294.4
_bÖ95t 2008
090 _a294.4 Ö95t 2008
100 _aÖzmen, İsmail
245 _aTasavvufa giriş
_btasavvufun çeşitli yönlerden bilimsel açıklaması
_cİsmail Özmen
246 _atasavvufun çeşitli yönlerden bilimsel açıklaması
260 _aİstanbul
_bParşömen Yayıncılık
_c2008
300 _a421 s.
_c21 sm.
504 _aKaynakça var.
650 _aİslam
_xTasavvuf
942 _2ddc
_cBKS
999 _c277
_d277